Star Trek: Lower Decks Crew - Statistics

General Stats
  • This quiz has been taken 83 times
  • The average score is 9 of 12
Answer Stats
Position/Role Character % Correct
Main Male Protagonist Bradward "Brad" Boimler
100%
Main Female Protagonist Beckett Mariner
96%
Nurse, U.S.S. Cerritos D'Vana Tendi
84%
Captain, U.S.S. Cerritos Carol Freeman
82%
Captain, U.S.S. Titan William T. Riker
80%
Engineer, U.S.S. Cerritos Samanthan "Sam" Rutherford
78%
Powerful Entity of the _____ Continuum Q
75%
Security Officer, U.S.S. Cerritos Shaxs
73%
First Officer, U.S.S. Cerritos Jack Ransom
69%
Ship's Counselor, U.S.S. Titan Deanna Troi
67%
Chief Medical Officer, U.S.S. Cerritos T'Ana
63%
Chief Engineer, U.S.S. Cerritos Andy Billups
53%
No matching quizzes found
Score Distribution
Percent of People with Each Score
Percentile by Number Answered
Your Score History
You have not taken this quiz